| 000 | 00463nam a2200181Ia 4500 | ||
|---|---|---|---|
| 001 | 25036 | ||
| 005 | 20260414151123.0 | ||
| 008 | 260414t2020||||xx |||||||||||||| ||spa|| | ||
| 041 | _aESP | ||
| 082 |
_a346.1J _bG312 |
||
| 110 | _aGaceta Jurídica | ||
| 245 | 0 |
_a1500 criterios jurisprudenciales civiles que todo abogado debe conocer _b |
|
| 260 | _c2020 | ||
| 300 |
_a622 páginas : _c24 cm. |
||
| 650 | _aDER | ||
| 654 | _aCDE | ||
| 942 |
_cLIB _dJUS _fJUS _2ddc _n |
||
| 999 |
_c25036 _d25036 |
||